Letter Pyramid - Asian Countries Quiz Stats

 Plays Quiz Updated Jun 11, 2019

Score 0/225 Timer 01:30
7 Plays Today
% Correct
XXXXXXXXXXXX
100%
XXXXXXXXXXXX
99.8%
XXXXXXXXXXXX
99.8%
XXXXXXXXXXXX
99.8%
XXXXXXXXXXXX
99.8%
XXXXXXXXXXXX
99.8%
XXXXXXXXXXXX
99.8%
XXXXXXXXXXXX
99.8%
XXXXXXXXXXXX
99.8%
China
89.4%
China
89.4%
China
89.4%
China
89.4%
China
89.4%
China
89.4%
China
89.4%
China
89.4%
China
89.4%
China
89.4%
China
89.4%
China
89.4%
China
89.4%
China
89.4%
China
89.4%
Mongolia
85.7%
Mongolia
85.7%
Mongolia
85.7%
Mongolia
85.7%
Mongolia
85.7%
Mongolia
85.7%
Mongolia
85.7%
Mongolia
85.7%
Mongolia
85.7%
Mongolia
85.7%
Mongolia
85.7%
Mongolia
85.7%
Mongolia
85.7%
Mongolia
85.7%
Mongolia
85.7%
Mongolia
85.7%
Mongolia
85.7%
Mongolia
85.7%
Mongolia
85.7%
Mongolia
85.7%
Mongolia
85.7%
Mongolia
85.7%
Mongolia
85.7%
Mongolia
85.7%
Iran
85.3%
Iran
85.3%
Iran
85.3%
Iran
85.3%
Iran
85.3%
Iran
85.3%
Iran
85.3%
Iran
85.3%
Iran
85.3%
Iran
85.3%
Iran
85.3%
Iran
85.3%
Russia
82.4%
Russia
82.4%
Russia
82.4%
Russia
82.4%
Russia
82.4%
Russia
82.4%
Russia
82.4%
Russia
82.4%
Russia
82.4%
Russia
82.4%
Russia
82.4%
Russia
82.4%
Russia
82.4%
Russia
82.4%
Russia
82.4%
% Correct
Russia
82.4%
Russia
82.4%
Russia
82.4%
Kazakhstan
81.2%
Kazakhstan
81.2%
Kazakhstan
81.2%
Kazakhstan
81.2%
Kazakhstan
81.2%
Kazakhstan
81.2%
Kazakhstan
81.2%
Kazakhstan
81.2%
Kazakhstan
81.2%
Kazakhstan
81.2%
Kazakhstan
81.2%
Kazakhstan
81.2%
Kazakhstan
81.2%
Kazakhstan
81.2%
Kazakhstan
81.2%
Kazakhstan
81.2%
Kazakhstan
81.2%
Kazakhstan
81.2%
Kazakhstan
81.2%
Kazakhstan
81.2%
Kazakhstan
81.2%
Kazakhstan
81.2%
Kazakhstan
81.2%
Kazakhstan
81.2%
Kazakhstan
81.2%
Kazakhstan
81.2%
Kazakhstan
81.2%
Kazakhstan
81.2%
Kazakhstan
81.2%
Kazakhstan
81.2%
Vietnam
75.9%
Vietnam
75.9%
Vietnam
75.9%
Vietnam
75.9%
Vietnam
75.9%
Vietnam
75.9%
Vietnam
75.9%
Vietnam
75.9%
Vietnam
75.9%
Vietnam
75.9%
Vietnam
75.9%
Vietnam
75.9%
Vietnam
75.9%
Vietnam
75.9%
Vietnam
75.9%
Vietnam
75.9%
Vietnam
75.9%
Vietnam
75.9%
Vietnam
75.9%
Vietnam
75.9%
Vietnam
75.9%
Afghanistan
70.1%
Afghanistan
70.1%
Afghanistan
70.1%
Afghanistan
70.1%
Afghanistan
70.1%
Afghanistan
70.1%
Afghanistan
70.1%
Afghanistan
70.1%
Afghanistan
70.1%
Afghanistan
70.1%
Afghanistan
70.1%
Afghanistan
70.1%
Afghanistan
70.1%
Afghanistan
70.1%
Afghanistan
70.1%
Afghanistan
70.1%
Afghanistan
70.1%
Afghanistan
70.1%
Afghanistan
70.1%
Afghanistan
70.1%
Afghanistan
70.1%
% Correct
Afghanistan
70.1%
Afghanistan
70.1%
Afghanistan
70.1%
Afghanistan
70.1%
Afghanistan
70.1%
Afghanistan
70.1%
Afghanistan
70.1%
Afghanistan
70.1%
Afghanistan
70.1%
Afghanistan
70.1%
Afghanistan
70.1%
Afghanistan
70.1%
Turkmenistan
66.2%
Turkmenistan
66.2%
Turkmenistan
66.2%
Turkmenistan
66.2%
Turkmenistan
66.2%
Turkmenistan
66.2%
Turkmenistan
66.2%
Turkmenistan
66.2%
Turkmenistan
66.2%
Turkmenistan
66.2%
Turkmenistan
66.2%
Turkmenistan
66.2%
Turkmenistan
66.2%
Turkmenistan
66.2%
Turkmenistan
66.2%
Turkmenistan
66.2%
Turkmenistan
66.2%
Turkmenistan
66.2%
Turkmenistan
66.2%
Turkmenistan
66.2%
Turkmenistan
66.2%
Turkmenistan
66.2%
Turkmenistan
66.2%
Turkmenistan
66.2%
Turkmenistan
66.2%
Turkmenistan
66.2%
Turkmenistan
66.2%
Turkmenistan
66.2%
Turkmenistan
66.2%
Turkmenistan
66.2%
Turkmenistan
66.2%
Turkmenistan
66.2%
Turkmenistan
66.2%
Turkmenistan
66.2%
Turkmenistan
66.2%
Turkmenistan
66.2%
Indonesia
65.2%
Indonesia
65.2%
Indonesia
65.2%
Indonesia
65.2%
Indonesia
65.2%
Indonesia
65.2%
Indonesia
65.2%
Indonesia
65.2%
Indonesia
65.2%
Indonesia
65.2%
Indonesia
65.2%
Indonesia
65.2%
Indonesia
65.2%
Indonesia
65.2%
Indonesia
65.2%
Indonesia
65.2%
Indonesia
65.2%
Indonesia
65.2%
Indonesia
65.2%
Indonesia
65.2%
Indonesia
65.2%
Indonesia
65.2%
Indonesia
65.2%
Indonesia
65.2%
Indonesia
65.2%
Indonesia
65.2%
Indonesia
65.2%

You're not logged in!

Compare scores with friends on all Sporcle quizzes.
OR
Log In

Sporcle TV

Today on Sporcle TV


Watch our educational content, quiz creation guides, and fun videos on Sporcle TV.

Show Comments

Extras

Top Quizzes Today


Score Distribution

Your Account Isn't Verified!

In order to create a playlist on Sporcle, you need to verify the email address you used during registration. Go to your Sporcle Settings to finish the process.

Report this User

Report this user for behavior that violates our Community Guidelines.

Details: